<?xml version="1.0" encoding="UTF-8"?><?xml-stylesheet type="text/xsl" href="static/style.xsl"?><OAI-PMH xmlns="http://www.openarchives.org/OAI/2.0/" xmlns:xsi="http://www.w3.org/2001/XMLSchema-instance" xsi:schemaLocation="http://www.openarchives.org/OAI/2.0/ http://www.openarchives.org/OAI/2.0/OAI-PMH.xsd"><responseDate>2026-04-17T05:14:21Z</responseDate><request verb="GetRecord" identifier="oai:www.recercat.cat:2072/233058" metadataPrefix="marc">https://recercat.cat/oai/request</request><GetRecord><record><header><identifier>oai:recercat.cat:2072/233058</identifier><datestamp>2024-12-12T04:15:38Z</datestamp><setSpec>com_2072_5167</setSpec><setSpec>com_2072_5163</setSpec><setSpec>col_2072_5168</setSpec></header><metadata><record xmlns="http://www.loc.gov/MARC21/slim" xmlns:dcterms="http://purl.org/dc/terms/" xmlns:xsi="http://www.w3.org/2001/XMLSchema-instance" xmlns:doc="http://www.lyncode.com/xoai" xsi:schemaLocation="http://www.loc.gov/MARC21/slim http://www.loc.gov/standards/marcxml/schema/MARC21slim.xsd">
   <leader>00925njm 22002777a 4500</leader>
   <datafield ind2=" " ind1=" " tag="042">
      <subfield code="a">dc</subfield>
   </datafield>
   <datafield ind2=" " ind1=" " tag="720">
      <subfield code="a">Costa Besa, Yolanda</subfield>
      <subfield code="e">author</subfield>
   </datafield>
   <datafield ind2=" " ind1=" " tag="260">
      <subfield code="c">2014-06-13</subfield>
   </datafield>
   <datafield ind2=" " ind1=" " tag="520">
      <subfield code="a">L’esperança de vida ha millorat en aquest darrer segle, al mateix temps, han augmentat les malalties neurodegeneratives, sent l’Alzheimer el seu màxim exponent, caracteritzant-se per una important pèrdua de memòria.
Davant d’aquesta realitat, l’objectiu últim d’aquest treball, és corroborar que les alteracions de memòria (explícita i implícita) no formen part del procés d’envelliment natural. Per a tal propòsit, després d’assentar els aspectes generals sobre la
memòria, ens centrarem amb l’anàlisi de les alteracions que es produeixen en la memòria explícita i implícita, tant durant el procés d’envelliment natural, com en el patològic, particularment en el cas de la malaltia d’Alzheimer. Per arribar a
una conclusió fefaent, s'efectuarà un minuciós i crític estudi, revisant la literatura específica i científica existent.</subfield>
   </datafield>
   <datafield ind1="8" ind2=" " tag="024">
      <subfield code="a">http://hdl.handle.net/2072/233058</subfield>
   </datafield>
   <datafield ind2="0" ind1="0" tag="245">
      <subfield code="a">Alateraciones de la memoria implícita y explícita en el envejecimiento natural y en la demencia tipo Alzheimer</subfield>
   </datafield>
</record></metadata></record></GetRecord></OAI-PMH>